00466 2200181 4500001002100000005001500021008004100036020001900077035001900096041000700115082001100122090001700133100001800150245005300168260003100221300002200252650001000274INLIS00000000002255520241224131316241224||||||||| | ||| |||| || |  a978-0717292738 0010-1224022555 aen0 a001.03 a001.03 JOH b0 aJinny Johnson00aBreathing: How we use air (Under the microscope) bGrolier Eductationalc1998 a48hlmn,;22,5x29cm 0aSains